Estadísticas para El Único País Europeo Restante. . .

Haz click aquí para intentar la prueba.

Estadísticas generales

  • Esta prueba ha sido intentada 1.363 veces
  • La puntuación promedio es 22 de 45

Respuestas en el mapa

Las respuestas están codificadas por una escala verde-roja en el mapa de la prueba según el % correcto abajo.
 

Estadísticas de respuestas

El único país. . .País% Correcto
Que tiene un promedio de más de 1 papa/km²Ciudad del Vaticano
92%
Que toca tanto el Mar del Norte como el MediterráneoFrancia
88%
Que tiene una megaciudad (población > 10.000.000)Rusia
87%
Que tenía un ferrocarril a vapor en funcionamiento en 1825Reino Unido
80%
Que ganó la Copa Mundial de la FIFAAlemania
78%
Que tiene más de 25.000 km de costaNoruega
78%
Que toca el Círculo Polar ÁrticoFinlandia
77%
Que tiene una bandera completamente azul y amarilla.Suecia
76%
Que es más grande que Yemen (~550.000 km²)Ucrania
76%
Que es el sitio de una de las Siete Maravillas del Mundo AntiguoGrecia
72%
Que toca el Primer MeridianoEspaña
70%
Que es un país insularMalta
70%
Que entró en el Renacimiento en el siglo XIII.Italia
67%
Que tiene una población mayor que Ghana (~ 30,000,000)Polonia
62%
Que se conecta por carretera o ferrocarril a un país con el que no limitaDinamarca
57%
Que tiene una densidad de población inferior a 10 habitantes/km²Islandia
55%
Que tiene un nombre de 5 letrasSuiza
55%
Que es más pequeño que Barbados (~ 400 km²)Mónaco
52%
Que es una república desde 1600San Marino
49%
Que tiene más de 2 premios Nobel de literaturaIrlanda
47%
Que tiene una frontera con Rusia al oeste.Lituania
46%
Que ha ganado más de 100 medallas olímpicas de inviernoAustria
45%
Que no tiene rojo en su banderaEstonia
45%
Que tiene dos palabras en su nombreRepública Checa
44%
Que ha albergado unos Juegos Olímpicos de VeranoBélgica
43%
Que toca los AlpesEslovenia
43%
Que toca el Mar BálticoLetonia
43%
Que toca el Mar MediterráneoCroacia
41%
Que no usa múltiples vocales diferentes en su nombreKosovo
41%
Que comparte una isla habitada con otro paísPaíses Bajos
40%
Que produce más de 500.000 toneladas métricas de vino al añoPortugal
39%
Que tiene un idioma germánico como idioma principalLiechtenstein
38%
Que tiene una lengua romance como lengua principalRumania
35%
Que tiene una monarquíaAndorra
33%
Que contiene una ciudad anfitriona olímpicaBosnia y Herzegovina
30%
Que tiene un idioma no indoeuropeo como idioma principalHungría
30%
Que tiene múltiples victorias en EurovisiónLuxemburgo
28%
Que tiene una población más pequeña que Honolulu (~1,000,000)Montenegro
27%
Que toca el DanubioSerbia
27%
Que participó en los Juegos Olímpicos pero nunca ganó una medallaAlbania
25%
Que tiene un mamífero en la banderaMoldavia
23%
Que ha ganado más de 150 medallas olímpicasBulgaria
22%
Que tiene una ciudad con una población de más de 1.000.000Bielorrusia
20%
Que se encuentra en el Top 50 de Índice de Desarrollo HumanoEslovaquia
20%
Que está en EuropaMacedonia del Norte
18%

Distribución de puntuación

Porcentaje por número respondido

Porcentaje de gente con cada puntuación

Historial de tus puntuaciones

No has intentado esta prueba.